| 000 | 00650nam a2200193Ia 4500 | ||
|---|---|---|---|
| 008 | 130821s1992 ko gr spa | ||
| 020 | _a8971310669 | ||
| 040 |
_aCo-BoUCM _bspa |
||
| 041 | _aspa | ||
| 100 | _aVandesande, Anthony V. | ||
| 245 | 3 |
_aEl coreano de Myongdo _cAnthny V. Vandesande ; Yunsook Hong ; Traducido por Unkyung Kim. |
|
| 260 |
_aSeúl (Corea del Sur) _bU - Shin Sa _c1992 |
||
| 300 | _a2 volúmenes | ||
| 504 | _aIncluye índices. | ||
| 650 | 0 | 4 |
_aCoreano _xEnseñanza _xEstudiantes extranjeros _911995 |
| 650 | 0 | 4 | _aLingüística aplicada |
| 942 |
_cLIBRO _a12 _e1 _mV15 _2DEWEY _h495.7 |
||
| 999 |
_c18247 _d18247 |
||